Polskie miasta zaczynające się i kończące tą samą literą - Statystyki

Ogólne statystyki
  • Ten quiz został rozwiązany 148 razy
  • Średni wynik to 11 z 29
Statystyki odpowiedzi
Populacja Województwo Litera Miasto % Poprawnych
674 132 Dolnośląskie W Wrocław
98%
53 763 Łódzkie Z Zgierz
82%
19 116 Łódzkie O Opoczno
70%
82 788 Śląskie J Jastrzębie-Zdrój
66%
31 500 Lubelskie K Kraśnik
59%
15 772 Warmińsko-mazurskie O Olecko
55%
22 070 Opolskie K Kluczbork
51%
9 075 Opolskie O Olesno
48%
3 258 Małopolskie A Alwernia
46%
12 043 Dolnośląskie W Wołów
44%
26 042 Mazowieckie W Wyszków
43%
2 898 Lubelskie K Kock
34%
12 655 Podlaskie W Wasilków
33%
8 357 Łódzkie W Wieruszów
33%
4 954 Podkarpackie Z Zagórz
33%
12 297 Śląskie K Kłobuck
30%
8 150 Wielkopolskie K Kórnik
30%
5 878 Opolskie N Niemodlin
30%
11 849 Mazowieckie W Węgrów
30%
4 388 Podlaskie C Ciechanowiec
24%
4 652 Dolnośląskie J Jedlina-Zdrój
24%
967 Świętokrzyskie W Wodzisław
21%
2 383 Wielkopolskie O Obrzycko
18%
3 464 Dolnośląskie W Wojcieszów
18%
3 684 Małopolskie C Czarny Dunajec
17%
2 597 Łódzkie K Kamieńsk
17%
899 Świętokrzyskie N Nowy Korczyn
17%
2 265 Dolnośląskie W Wiązów
17%
1 835 Wielkopolskie K Koźminek
12%
Nie znaleziono quizów pasujących do podanych kryteriów
Rozkład punktacji
Procent ludzi z każdym wynikiem
Percentyl według liczby udzielonych odpowiedzi
Twoja historia wyników
Nie rozwiązałeś tego quizu